Тамалыкское месторождение фосфоритов (Кузнецкий Алатау): диссертация на соискание ученой степени кандидата геолого-минералогических наук; Спец. 04.127

Dettagli Bibliografici
Autore principale: Мкртычьян А. К.
Ente Autore: Томский политехнический институт (ТПИ)
Altri autori: Кузьмин А. М. Алексей Михайлович (научный руководитель)
Lingua:russo
Pubblicazione: Томск, 1971
Soggetti:
Natura: MixedMaterials Libro
KOHA link:https://koha.lib.tpu.ru/cgi-bin/koha/opac-detail.pl?biblionumber=134385

MARC

LEADER 00000nbm0a2200000 4500
001 134385
005 20231031135650.0
035 |a (RuTPU)RU\TPU\book\145659 
090 |a 134385 
100 |a 20080328d1971 k y0rusy50 ca 
101 0 |a rus 
102 |a RU 
105 |a a m 001zy 
200 1 |a Тамалыкское месторождение фосфоритов (Кузнецкий Алатау)  |e диссертация на соискание ученой степени кандидата геолого-минералогических наук  |e Спец. 04.127  |f А. К. Мкртычьян  |g Томский политехнический институт (ТПИ) ; науч. рук. А. М. Кузьмин 
210 |a Томск  |d 1971 
215 |a 206 л.  |c ил. 
320 |a Библиогр.: с. 193-206. 
610 1 |a диссертации 
610 1 |a Кузнецкий Алатау 
610 1 |a фосфориты 
610 1 |a Тамалыкское месторождение 
610 1 |a петрография 
610 1 |a литология 
610 1 |a минералогия 
610 1 |a физико-географические особенности 
610 1 |a стратиграфия 
610 1 |a интрузивные образования 
610 1 |a геология 
610 1 |a геохимия 
610 1 |a условия образования 
610 1 |a труды учёных ТПУ 
675 |a 553.6(04)  |v 3 
686 |a 04.127  |2 oksvnk 
700 1 |a Мкртычьян  |b А. К. 
702 1 |a Кузьмин  |b А. М.  |c российский геолог  |c профессор Томского политехнического института  |f 1891-1980  |g Алексей Михайлович  |2 stltpush  |3 (RuTPU)RU\TPU\pers\13901  |4 727 
712 0 2 |a Томский политехнический институт (ТПИ)  |c (1944-1991)  |2 stltpush  |3 (RuTPU)RU\TPU\col\1123 
801 1 |a RU  |b 63413507  |c 20080328  |g PSBO 
801 2 |a RU  |b 63413507  |c 20110325  |g RCR 
942 |c BK